000 00813nam a2200241 a 4500
001 BRCA_7862
005 20190320210029.0
008 191113s1967----mx-a######---#000-0#spa-#
041 _aspa
044 _amx
050 4 _aF1391
_b.R65 1967
100 1 _aRojas, Pedro
_91937
245 1 0 _aAcámbaro colonial
_bestudio histórico, artístico e iconográfico
_cPedro Rojas.
260 _aMéxico
_bUNAM, Instituto de Investigaciones Estéticas
_c1967
300 _a160 p.
_bil., 72 láminas, planos
_c24 cm.
440 0 _aUNAM, Instituto de Investigaciones Estéticas
_pEstudios y fuentes del arte en México
_v23
_919454
500 _aY88
650 1 4 _aArte
_zAcámbaro, Guanajuato
_919455
650 1 4 _aArte colonial
_97904
651 4 _aAcámbaro, Guanajuato
_xHistoria
_919456
902 _aGFM
942 _2lcc
_cB
999 _c7536
_d7536